Normal view MARC view

Entry Personal Name

Number of records used in: 1

001 - CONTROL NUMBER

  • control field: 9757

003 - CONTROL NUMBER IDENTIFIER

  • control field: DLC

005 - DATE AND TIME OF LATEST TRANSACTION

  • control field: 20231018152437.0

008 - FIXED-LENGTH DATA ELEMENTS

  • fixed length control field: 000512n| acannaabn |b aaa c

010 ## - LIBRARY OF CONGRESS CONTROL NUMBER

  • LC control number: no 00034084

035 ## - SYSTEM CONTROL NUMBER

  • System control number: (OCoLC)oca05218035

040 ## - CATALOGING SOURCE

  • Original cataloging agency: NjP
  • Language of cataloging: eng
  • Transcribing agency: NjP
  • Modifying agency: OCoLC

100 1# - HEADING--PERSONAL NAME

  • Personal name: Sabʻ, Ḥasan

400 1# - SEE FROM TRACING--PERSONAL NAME

  • Personal name: سبع، حسن

400 1# - SEE FROM TRACING--PERSONAL NAME

  • Personal name: صعب، حسن

670 ## - SOURCE DATA FOUND

  • Source citation: Dhākirah ʻArabīyah lil-qarn 1900-2000:
  • Information found: p. facing t.p. (Ḥasan al-Sabʻ)

Powered by Koha